| 000 | 02412nam a22002057a 4500 | ||
|---|---|---|---|
| 999 |
_c176275 _d176275 |
||
| 005 | 20201208160350.0 | ||
| 010 | _aENG-128642 | ||
| 020 |
_a978-93-903-2547-4 _c350.00 |
||
| 035 | _aEN-112174 | ||
| 037 | _bDBAD/PUB | ||
| 082 | _a423.1 | ||
| 100 | _aTurton, N D | ||
| 245 |
_aLongman Dictionary of Common Errors/ _bN D Turton and J B Heaton |
||
| 250 | _a2nd | ||
| 260 |
_aUttar Pradesh _bPearson India Education Services Pvt. Ltd. _c2021 |
||
| 270 |
_bUttar Pradesh _e201301 _a15th Floor, Tower-B, World Trade Tower, Plot No.- 1, Block-C, Sector-16, Noida _mcompanysecretary.india@pearson.com _k044-66540100 |
||
| 300 |
_a444p. _c22cm(pbk) _bIncluding illustrations and tables. |
||
| 700 | _aHeaton, J B | ||
| 942 |
_2ddc _cEN _h423.1 _mTUR |
||